000 01742cam a22004094i 4500
003 PE-LiUPU
005 20250731173139.0
008 150623s r 000 0 d
035 _a(Sirsi) a27119
040 _aPE-LiUPU
_bspa
_cPE-LiUPU
_erda
082 0 4 _a224.507 7
_bH22
_221
100 1 _aHardinge, Leslie,
_eautor.
245 1 0 _aJesus is my judge :
_bmeditations on the book of Daniel /
_cLeslie Hardinge.
264 1 _aHarrisburg, PA :
_bReview and Herald Publishing Association,
_c1996.
300 _a285 páginas ;
_c23 cm.
336 _atext
_2rdacontent
337 _aunmediated
_2rdamedia
338 _avolume
_2rdacarrier
505 0 _aIntroduction: Jesus in Daniel. Stories: Jesus in charge. Jesus Son of God. Jesus the divine watcher. Jesus the investigative Judge. Jesus the protector. Jesus in the answer. Jesus in Glory. Prophecies: Jesus the stone king. Jesus Son of man. Jesus the prince. Jesus the Messiah. Jesus the great warrior. Jesus is Michael. Endnotes: Notes. Appendix: Clues identifying the "little horn".
526 _aSEG42
526 _aSEG41
526 _aSEG40
526 _aSEG39
526 _aP94
526 _aP87
526 _aP86
526 _aP85
526 _aP77
526 _aP76
526 _aP35
630 _aBiblia.
_pA.T.
_pDaniel
_xComentarios.
942 _2ddc
_cBOOK
949 _a224.507 7 H22
_wDEWEY
_c1
_i52397
_lCCODEBUL1
_mBUL
_p4.00
_r0
_sY
_tBOOK
_u2015-06-24
_xTEOLOGIA
_PP35
_0COMPRA
_o.STAFF. Colección General
596 _a1
999 _a224.507 7 H22
_wDEWEY
_c34225
_i52397
_f2021-11-9
_g5
_lCCODEBUL1
_mBUL
_p4.00
_r0
_sY
_tBOOK
_u2015-6-24
_xTEOLOGIA
_PP35
_0COMPRA
_o.STAFF. Colección General
_d34225
980 _81
_gALBERTO SANCHEZ Responsable de Automatización